000 01110nam a22002897a 4500
005 20240530110437.0
008 150326s2011 su g 000 0 ara d
017 _a1432/7685
_bالسعودية . مكتبة الملك فهد
020 _a9786035030960
020 _a0691123241
040 _aEG-CaGPL
082 0 4 _221
_a387.5442\
_bل ص
100 1 _bليفنسون ، مارك
245 1 2 _aالصندوق :
_bكيف جعلت حاويات الشحن البحرى العالم اصغر واقتصاده اكبر /
_cمارك ليفسون ؛ نقله الى العربية اسامة اسبر
250 _aالاولى
260 _aالرياض :
_bالعبيكان للنشر ،
_c2011 .
300 _a400 ص ؛
_c24 سم
650 0 4 _aالسفن
_xحمولة
650 0 4 _aشحن السفن
650 0 4 _aالسفن التجارية
650 0 4 _aسفن البضائع
650 0 4 _aالنقل البحرى
_xاقتصاديات
650 0 4 _aالتجارة البحرية
700 0 _aاسامة اسبر
_eمترجم
942 _2ddc
_cBK
999 _c60978
_d60978